00925nam a22002417a 450000500170000001000130001702000100003003500130004003700160005304000120006908200160008110000260009724500680012326000530019127000830024430000240032750000410035165000280039265000310042094200250045199900190047695201880049520170124110030.0 aA-255487 c00.00 aA-255487 bCen Lib/Ret aDPLbEN a338.74bRAO aRao, Nageshwar921603 aRole and achievements of public enterprises /cby Nageshwar Rao bVohra Publishers & Distributorsc1985aAllahabad a36-A, Mahatma Gandhi Marg, Behind Plaza Cinema, Civil LinesbAllahabade211001 aiv,339p. c20cm(Hb) aIncludes bibliographical references  aHuman resources.911221 aEnterprises-Public.921604 2ddccENh338.74mRAO c127808d127808 04104070aLbLd2015-06-30eCen Lib/Retg0.00l0o338.74 RAOpA-255487r2015-06-30 00:00:00t1v0.00w2015-06-30yENzWritten off on approval by DLB (By Circulation); dtd 15-06-2023